<?xml version="1.0" encoding="UTF-8"?>
<record
    xmlns:xsi="http://www.w3.org/2001/XMLSchema-instance"
    xsi:schemaLocation="http://www.loc.gov/MARC21/slim http://www.loc.gov/standards/marcxml/schema/MARC21slim.xsd"
    xmlns="http://www.loc.gov/MARC21/slim">

  <leader>03786cam a2200469 i 4500</leader>
  <controlfield tag="001">sqtd4608431</controlfield>
  <controlfield tag="003">SQTD</controlfield>
  <controlfield tag="005">20260410020004.0</controlfield>
  <controlfield tag="007">ta                    </controlfield>
  <controlfield tag="008">260408s2022    fr ||||  6    000|1 fre  </controlfield>
  <datafield tag="020" ind1=" " ind2=" ">
    <subfield code="a">9791032724507</subfield>
    <subfield code="q">(broch&#xE9;)</subfield>
  </datafield>
  <datafield tag="024" ind1="3" ind2=" ">
    <subfield code="a">9791032724507</subfield>
    <subfield code="q">(jaquette)</subfield>
  </datafield>
  <datafield tag="035" ind1=" " ind2=" ">
    <subfield code="a">(BTLF)8554489</subfield>
  </datafield>
  <datafield tag="035" ind1=" " ind2=" ">
    <subfield code="a">(SQTD)4608431</subfield>
  </datafield>
  <datafield tag="035" ind1=" " ind2=" ">
    <subfield code="a">(SDM)C225807</subfield>
  </datafield>
  <datafield tag="040" ind1=" " ind2=" ">
    <subfield code="a">SDM</subfield>
    <subfield code="b">fre</subfield>
    <subfield code="e">rda</subfield>
    <subfield code="d">SQTD</subfield>
    <subfield code="c">CDM</subfield>
  </datafield>
  <datafield tag="041" ind1="1" ind2=" ">
    <subfield code="a">fre</subfield>
    <subfield code="h">jpn</subfield>
  </datafield>
  <datafield tag="082" ind1=" " ind2=" ">
    <subfield code="a">BD CAR</subfield>
    <subfield code="2">23</subfield>
  </datafield>
  <datafield tag="100" ind1="0" ind2=" ">
    <subfield code="a">Nekokurage</subfield>
    <subfield code="e">artiste.</subfield>
  </datafield>
  <datafield tag="245" ind1="1" ind2="4">
    <subfield code="a">Les carnets de l'apothicaire.</subfield>
    <subfield code="n">16 /</subfield>
    <subfield code="c">d'apr&#xE8;s l'oeuvre originale de Natsu Hyuuga ; dessin, Nekokurage ; sc&#xE9;nario, Itsuki Nanao ; design des personnages, Touco Shino ; traduction, G&#xE9;raldine Oudin.</subfield>
  </datafield>
  <datafield tag="300" ind1=" " ind2=" ">
    <subfield code="a">160 pages :</subfield>
    <subfield code="b">principalement des illustrations (certaines en couleur) ;</subfield>
    <subfield code="c">18 cm +</subfield>
    <subfield code="e">1 livret d&#xE9;couverte (27 pages ; 18 cm)</subfield>
  </datafield>
  <datafield tag="490" ind1="1" ind2=" ">
    <subfield code="a">Ki-oon seinen</subfield>
  </datafield>
  <datafield tag="500" ind1=" " ind2=" ">
    <subfield code="a">D'apr&#xE8;s le light novel de Natsu Hyuuga.</subfield>
  </datafield>
  <datafield tag="500" ind1=" " ind2=" ">
    <subfield code="a">Livret: Les carnets de l'apothicaire / Natsu Hyuuga.</subfield>
  </datafield>
  <datafield tag="520" ind1="8" ind2=" ">
    <subfield code="a">Mao Mao est une apprentie apothicaire plut&#xF4;t dou&#xE9;e du quartier des plaisirs entourant la cit&#xE9; imp&#xE9;riale lorsqu'elle est enlev&#xE9;e dans la for&#xEA;t. Ignorant si on l'a vendue ou &#xE9;chang&#xE9;e contre une autre jeune fille, la voil&#xE0; ling&#xE8;re &#xE0; la cour int&#xE9;rieure, qui est uniquement peupl&#xE9;e de concubines dont la seule mission est de donner des h&#xE9;ritiers &#xE0; l'empereur. Si certaines servantes parviennent &#xE0; s'&#xE9;lever au rang de ces derni&#xE8;res, Mao sait qu'avec sa maigreur et ses taches de rousseur, elle peut s'&#xE9;viter un tel sort. Elle t&#xE2;che de plus de passer inaper&#xE7;ue, ce qui n&#xE9;cessite de cacher ses talents pour les plantes m&#xE9;dicinales et sa capacit&#xE9; &#xE0; lire, alors que les employ&#xE9;es issues de milieux modestes sont normalement analphab&#xE8;tes. Cependant, lorsque des nouveau-n&#xE9;s meurent de fa&#xE7;on myst&#xE9;rieuse, l'adolescente met en garde certaines jeunes mamans, ce qui attire l'attention du haut fonctionnaire Jinshi sur elle. Estimant qu'elle peut prot&#xE9;ger les concubines, celui-ci la promeut au r&#xF4;le de go&#xFB;teuse de la cour int&#xE9;rieure. [SDM]</subfield>
  </datafield>
  <datafield tag="520" ind1="1" ind2=" ">
    <subfield code="a">Adapt&#xE9;e d'un roman, cette s&#xE9;rie en manga se d&#xE9;roule exclusivement en lieu clos, ce qui brouille les rep&#xE8;res temporels et les attaches avec la r&#xE9;alit&#xE9;, mais qui d&#xE9;ploie &#xE9;galement un univers int&#xE9;ressant, particuli&#xE8;rement puisqu'un tueur s'infiltre entre ces murs. Mao doit ainsi &#xE0; la fois mettre ses talents m&#xE9;dicaux &#xE0; profit pour emp&#xEA;cher ce dernier d'agir, tout en &#xE9;paulant Jinshi, un eunuque extatique, qui semble n&#xE9;anmoins avoir des secrets bien &#xE0; lui. Si le contexte de harem attribue un r&#xF4;le peu reluisant aux femmes, qui sont souvent expos&#xE9;es d&#xE9;nud&#xE9;es pour mettre leurs courbes en valeur, l'h&#xE9;ro&#xEF;ne est quant &#xE0; elle intelligente, passionn&#xE9;e et d&#xE9;termin&#xE9;e, m&#xEA;me si on la d&#xE9;peint aussi comme une adolescente ing&#xE9;nue. Les dessins retouch&#xE9;s &#xE0; l'ordinateur occupent de leur c&#xF4;t&#xE9; des cases plut&#xF4;t grandes pour garantir une lecture confortable. Un livret contenant un extrait d'une vingtaine de pages de la version romanc&#xE9;e, publi&#xE9; chez Lumen, est attach&#xE9; &#xE0; la pr&#xE9;sente &#xE9;dition. [SDM]</subfield>
  </datafield>
  <datafield tag="521" ind1=" " ind2=" ">
    <subfield code="a">J++ 4.</subfield>
  </datafield>
  <datafield tag="650" ind1=" " ind2="6">
    <subfield code="a">Employ&#xE9;es de maison</subfield>
    <subfield code="v">Bandes dessin&#xE9;es.</subfield>
  </datafield>
  <datafield tag="650" ind1=" " ind2="6">
    <subfield code="a">Pharmaciennes</subfield>
    <subfield code="v">Bandes dessin&#xE9;es.</subfield>
  </datafield>
  <datafield tag="650" ind1=" " ind2="6">
    <subfield code="a">Cours et courtisans</subfield>
    <subfield code="v">Bandes dessin&#xE9;es.</subfield>
  </datafield>
  <datafield tag="650" ind1=" " ind2="6">
    <subfield code="a">Meurtre</subfield>
    <subfield code="v">Bandes dessin&#xE9;es.</subfield>
  </datafield>
  <datafield tag="650" ind1=" " ind2="6">
    <subfield code="a">Enqu&#xEA;tes</subfield>
    <subfield code="v">Bandes dessin&#xE9;es.</subfield>
  </datafield>
  <datafield tag="655" ind1=" " ind2="7">
    <subfield code="a">Bandes dessin&#xE9;es &#xE0; suspense.</subfield>
    <subfield code="2">rvmgf</subfield>
  </datafield>
  <datafield tag="655" ind1=" " ind2="7">
    <subfield code="a">Bandes dessin&#xE9;es historiques.</subfield>
    <subfield code="2">rvmgf</subfield>
  </datafield>
  <datafield tag="655" ind1=" " ind2="7">
    <subfield code="a">Mangas.</subfield>
    <subfield code="2">rvmgf</subfield>
  </datafield>
  <datafield tag="655" ind1=" " ind2="7">
    <subfield code="a">Adaptations en bandes dessin&#xE9;es.</subfield>
    <subfield code="2">rvmgf</subfield>
  </datafield>
  <datafield tag="700" ind1="1" ind2=" ">
    <subfield code="a">Nanao, Itsuki</subfield>
    <subfield code="e">auteur.</subfield>
  </datafield>
  <datafield tag="700" ind1="1" ind2=" ">
    <subfield code="a">Shino, T&#x14D;ko</subfield>
    <subfield code="e">artiste.</subfield>
  </datafield>
  <datafield tag="700" ind1="1" ind2=" ">
    <subfield code="a">Hy&#x16B;ga, Natsu</subfield>
  </datafield>
  <datafield tag="830" ind1=" " ind2="0">
    <subfield code="a">Seinen (Ki-oon (Firme))</subfield>
  </datafield>
  <datafield tag="942" ind1=" " ind2=" ">
    <subfield code="2">ddc</subfield>
    <subfield code="c">BK</subfield>
    <subfield code="0">24</subfield>
  </datafield>
  <datafield tag="999" ind1=" " ind2=" ">
    <subfield code="c">43599</subfield>
    <subfield code="d">43599</subfield>
  </datafield>
  <datafield tag="952" ind1=" " ind2=" ">
    <subfield code="0">0</subfield>
    <subfield code="1">0</subfield>
    <subfield code="2">ddc</subfield>
    <subfield code="4">0</subfield>
    <subfield code="7">0</subfield>
    <subfield code="a">MAIN</subfield>
    <subfield code="b">MAIN</subfield>
    <subfield code="d">2026-04-08</subfield>
    <subfield code="l">1</subfield>
    <subfield code="o">BD CAR</subfield>
    <subfield code="p">209024</subfield>
    <subfield code="r">2026-04-14 15:01:00</subfield>
    <subfield code="s">2026-04-09</subfield>
    <subfield code="w">2026-04-08</subfield>
    <subfield code="y">BK</subfield>
  </datafield>
</record>
